| 000 | 00661nam a2200265Ia 4500 | ||
|---|---|---|---|
| 003 | OSt | ||
| 005 | 20221007103438.0 | ||
| 006 | a|||||r|||| 00| 0 | ||
| 007 | ta | ||
| 008 | 221006b |||||||| |||| 00| 0 eng d | ||
| 020 | _a0233967184 | ||
| 024 | _a13,186 | ||
| 037 | _cTextual | ||
| 040 |
_aLCO _cLCO _beng |
||
| 041 |
_2eng _aeng |
||
| 082 | _a2, K5 | ||
| 100 |
_aStockham K.A. _94585 |
||
| 245 | 0 | _aGovernment and Control of Libraries | |
| 250 | _a2nd | ||
| 260 |
_aLondon _bAndre Deutsch Limited U.K. _c1975 |
||
| 300 | _a108 | ||
| 650 |
_aLIBRARY _9700574 |
||
| 942 |
_h2, K5 _cTEXL |
||
| 999 |
_c1182749 _d1182749 |
||